00514 2200181 4500001002100000008004100021035002000062245006900082100001700151260004000168300002300208020002200231084001600253082001200269650001300281990001900294990001900313INLIS000000000000454 ind  a0010-0625000122 aKH. Bisri Mustofa, Singa podium pejuang kemerdekaancAmirul Ulum aUlum, Amirul aJakarta.bRepublika penerbit,c2023 a168 hlm.c20,5 cm. a978-623-279-197-8 a923.2 NUR m a297.721 aBiografi a2095/MP.H/2023 a2096/MP.H/2023